000 01520nac a22003611i 4500
003 EG-ScBUE
005 20250219104610.0
008 250212s2001 ii a f 000 0 eng d
020 _a9981262730
040 _aEG-ScBUE
_beng
_erda
_cEG-ScBUE
_dEG-ScBUE
082 0 4 _a519.50243
_bHAS
_222
100 1 _aHassan, Bakr A.,
_eauthor.
245 1 0 _aTeachers guidebook in Mathematics, Statistics and computer science /
_cDr. Bakr A. Hassan [and 3 others] ; revised by Dr. Taher Ghasemi Honary.
246 1 4 _aدليل المعلم لتدريس الرياضيات وعلم الإحصاء وعلوم الحاسب
246 1 4 _aGuide de l'enseignant en Mathematiques, Statisique et Informatique
264 1 _aRabat :
_bIslamic Educational, Scientific and Cultural Orgnization (ISESCO),
_c2001.
300 _axii, 96 pages :
_billustrations ;
_c15 cm
336 _2rdacontent
_atext
_btxt
337 _aunmediated
_2rdamedia
_bn
338 _avolume
_bnc
_2rdacarrier
500 _aBased on Modernized Curricula proposed for ISESCO Member States.
546 _aTitle In English, Arabic and French.
650 7 _aProbabilities
_vTextbooks.
_2BUEsh
650 7 _aMathematical statistics
_vTextbooks.
_2BUEsh
655 _aGrad VII.
655 _aSecondary School Level.
_vReading book
700 1 _aAhmed, Munir,
_eauthor.
700 1 _aIbrahim, A. Shawky,
_eauthor.
700 1 _aThaheem, A. B.,
_eauthor.
700 1 _aHonary, Taher Ghasemi,
_erevisor.
942 _cBB
_2ddc
999 _c3466
_d3466